zpět

Detail výsledku týmu

Pivnice U Badinů, Brno

Datum a čas kvízu

30.5 Celkem bodů Celkový počet nahraných bodů na tomto kvízu bez doplňovacích otázek.
3. Pořadí na kvízu Konečné umístění týmu na tomto kvízu.

Zaznamenané odpovědi

# Otázka Odpověď Body Výsledky
1. Prezident Miloš Zeman ve střed... Janáčkovu akademii múzických umění (JAMU) 1
2. Minulý týden se psalo o této k... Joe Biden (manželé Bidenovi) 1
3. Ve středu v tiskové zprávě pot... Disney+ 0
4. Minulý týden získal jeden auto... Umí létat. 1
5. Uveďte jména vítězů mužské a ž... Rafael Nadal, Ashleigh Bartyová 0.5
6. Podíváme se na pět filmů, kter... Vladimír Páral 1
7. Špionážní thriller Tři dny Kon... Robert Redford 1
8. Animovaný film Hledá se Nemo s... Marlin, Dory 0.5
9. Režisér a scenárista Vladimír... Úhoři mají nabito 0
10. Na základě knižní předlohy spi... ...a kde je najít, Grindelwaldovy zločiny 0.5